| 000 | 00690nam a2200241Ia 4500 | ||
|---|---|---|---|
| 005 | 20221012090300.0 | ||
| 008 | 131103s9999 xx 000 0 und d | ||
| 020 | _a416816800 | ||
| 040 | _aLoreto College | ||
| 041 | _aEnglish | ||
| 082 |
_a150.724 _bGAR |
||
| 100 | _aGardiner, John M. | ||
| 245 |
_aFirst experiments in psychology _cJohn M. Gardiner and Zofia Kaminska |
||
| 260 |
_aLondon _bMethuen _c1975 |
||
| 300 | _a144p | ||
| 504 | _aIncludes bibliographical references and index | ||
| 630 | _aPsychological Research | ||
| 650 | _aExperimental Psychology | ||
| 651 | _aPsychology - Experimental Methods | ||
| 700 | _aKaminska, Zofia | ||
| 850 | _aLCLIB | ||
| 942 | _cBK | ||
| 999 |
_c19057 _d69536 |
||